El derecho como modelador de las decisiones reproductivas y los límites del giro procedimental (Registro nro. 25293)

Detalles MARC
000 -LEADER
fixed length control field 00385 a2200109 4500
001 - CONTROL NUMBER
control field ART_10757
005 - DATE AND TIME OF LATEST TRANSACTION
control field 20260410161854.0
008 - FIXED-LENGTH DATA ELEMENTS--GENERAL INFORMATION
fixed length control field 260409a
100 1# - MAIN ENTRY--PERSONAL NAME
Personal name Bergallo, Paola
245 10 - TITLE STATEMENT
Title El derecho como modelador de las decisiones reproductivas y los límites del giro procedimental
773 0# - HOST ITEM ENTRY
Title Derecho privado
Related parts Bioderecho - Año I, Nº 1 (mayo 2012)
Record control number REV10455

No hay ítems disponibles.